Physical database design : The database professional's guide to exploiting indexes, views, storage, and more

Physical Database Design discusses the concept of how physical structures of databases affect performance and includes specific examples, guidelines, and best and worst practices for a variety of DBMSs and configurations. Something as simple as improving the table index design has a profound impact...

Cur síos iomlán

Đã lưu trong:
Sonraí Bibleagrafaíochta
Príomhúdar: Lightstone, Sam
Formáid: Leabhar
Teanga:Undetermined
Foilsithe: Amsterdam Elsevier 2007
Ábhair:
Clibeanna: Cuir Clib Leis
Gan Chlibeanna, Bí ar an gcéad duine leis an taifead seo a chlibeáil!
Thư viện lưu trữ: Trung tâm Học liệu Trường Đại học Cần Thơ
LEADER 01202nam a2200217Ia 4500
001 CTU_151638
008 210402s9999 xx 000 0 und d
020 |c 1020260 
082 |a 005.74 
082 |b L724 
100 |a Lightstone, Sam 
245 0 |a Physical database design : 
245 4 |b The database professional's guide to exploiting indexes, views, storage, and more 
245 0 |c Sam Lightstone , Toby Teorey , Tom Nadeau 
260 |a Amsterdam 
260 |b Elsevier 
260 |c 2007 
520 |a Physical Database Design discusses the concept of how physical structures of databases affect performance and includes specific examples, guidelines, and best and worst practices for a variety of DBMSs and configurations. Something as simple as improving the table index design has a profound impact on performance. Every form of relational database, such as Online Transaction Processing (OLTP), Enterprise Resource Management (ERP), Data Mining (DM), or Management Resource Planning (MRP), can be improved using these methods. 
650 |a Database design.,Thiết kế cơ sở dữ liệu 
904 |i Chuyen 
980 |a Trung tâm Học liệu Trường Đại học Cần Thơ